Statistics for Training Season - Dua Lipa (All lyrics)

Click here to take the quiz!

General Stats

  • This quiz has been taken 12 times
  • The average score is 289 of 338

Answer Stats

Lyrics% Correct
a
100%
be
100%
can
100%
Can
100%
Cause
100%
cause
100%
do
100%
ever
100%
go
100%
I
100%
I'm
100%
in
100%
it
100%
It
100%
just
100%
know
100%
like
100%
love
100%
me
100%
my
100%
over
100%
should
100%
some
100%
someone
100%
Someone
100%
take
100%
that
100%
the
100%
To
100%
to
100%
When
100%
when
100%
who
100%
Who
100%
you
100%
You
100%
your
100%
Are
89%
are
89%
at
89%
But
89%
control
89%
don't
89%
Don't
89%
feeling
89%
feels
89%
give
89%
Got
89%
hard
89%
have
89%
hear
89%
heart
89%
how
89%
Knows
89%
Need
89%
need
89%
night
89%
on
89%
season's
89%
see
89%
tell
89%
than
89%
then
89%
there
89%
training
89%
Training
89%
an
78%
been
78%
close
78%
Conversation
78%
good
78%
He's
78%
If
78%
if
78%
I've
78%
or
78%
Or
78%
overload
78%
poison
78%
rodeo
78%
somebody
78%
soul
78%
talking
78%
vertigo
78%
wanna
78%
deeper
67%
Deeper
67%
difference
67%
drawn
67%
hold
67%
hope
67%
is
67%
Is
67%
known
67%
late
67%
let
67%
light
67%
nature
67%
really
67%
show
67%
tried
67%
Whose
67%
ya
67%
ain't
56%
arrow
56%
baby
56%
compass
56%
compete
56%
for
56%
For
56%
hits
56%
lovers
56%
much
56%
Now
56%
Play
56%
right
56%
straight
56%
too
56%
twice
56%
understands
56%
vulnerable
56%
yeah
56%
And
44%
fair
44%
learn
44%
lesson
44%
nice
44%
Run
44%
teach
44%
time
44%
tricky
44%
with
44%
ask
33%
blow
33%
potential
33%
sidelines
33%
stuck
33%
team
33%
Waiting
33%
whistle
33%

Score Distribution

Percentile by Number Answered

Percent of People with Each Score

Your Score History

You have not taken this quiz